<?xml version="1.0" encoding="UTF-8"?><?xml-stylesheet type="text/xsl" href="static/style.xsl"?><OAI-PMH xmlns="http://www.openarchives.org/OAI/2.0/" xmlns:xsi="http://www.w3.org/2001/XMLSchema-instance" xsi:schemaLocation="http://www.openarchives.org/OAI/2.0/ http://www.openarchives.org/OAI/2.0/OAI-PMH.xsd"><responseDate>2026-04-14T05:35:57Z</responseDate><request verb="GetRecord" identifier="oai:www.recercat.cat:20.500.12327/2205" metadataPrefix="marc">https://recercat.cat/oai/request</request><GetRecord><record><header><identifier>oai:recercat.cat:20.500.12327/2205</identifier><datestamp>2025-10-22T11:05:17Z</datestamp><setSpec>com_2072_4428</setSpec><setSpec>com_2072_4427</setSpec><setSpec>col_2072_487898</setSpec></header><metadata><record xmlns="http://www.loc.gov/MARC21/slim" xmlns:dcterms="http://purl.org/dc/terms/" xmlns:xsi="http://www.w3.org/2001/XMLSchema-instance" xmlns:doc="http://www.lyncode.com/xoai" xsi:schemaLocation="http://www.loc.gov/MARC21/slim http://www.loc.gov/standards/marcxml/schema/MARC21slim.xsd">
   <leader>00925njm 22002777a 4500</leader>
   <datafield ind2=" " ind1=" " tag="042">
      <subfield code="a">dc</subfield>
   </datafield>
   <datafield ind2=" " ind1=" " tag="720">
      <subfield code="a">Verdejo-Lucas, Soledad</subfield>
      <subfield code="e">author</subfield>
   </datafield>
   <datafield ind2=" " ind1=" " tag="720">
      <subfield code="a">Sorribas, Francisco Javier</subfield>
      <subfield code="e">author</subfield>
   </datafield>
   <datafield ind2=" " ind1=" " tag="720">
      <subfield code="a">Galeano, Magda</subfield>
      <subfield code="e">author</subfield>
   </datafield>
   <datafield ind2=" " ind1=" " tag="720">
      <subfield code="a">Pastor, Joaquín</subfield>
      <subfield code="e">author</subfield>
   </datafield>
   <datafield ind2=" " ind1=" " tag="720">
      <subfield code="a">Pons, Joan</subfield>
      <subfield code="e">author</subfield>
   </datafield>
   <datafield ind2=" " ind1=" " tag="260">
      <subfield code="c">2023-02-09</subfield>
   </datafield>
   <datafield ind2=" " ind1=" " tag="520">
      <subfield code="a">The resistance of the citrus rootstock Forner-Alcaide 5 to Tylenchulus semipenetrans was assessed in comparison to the susceptible Carrizo citrange (S) in two replant situations. Changes in soil and root population densities were monitored after planting the new trees to detect tree infection and nematode population growth over time. The efficacy of pre-plant control methods such as fumigation with 1,3 Dichloropropene (1,3D) or 2-year fallowing was also assessed. Fumigation and fallowing reduced juveniles + males/250 cm3 soil to undetectable levels for 3 and 2 years, respectively, and postponed root parasitism on Forner-Alcaide 5 for 3 and 2.5 years, respectively. Forner-Alcaide 5 supported lower densities of juveniles + males/250 cm3 soil and females/g root than Carrizo citrange in both replant situations The efficacy of the resistant rootstock was enhanced when combined with 1,3D fumigation or 2-year fallowing because the pre-planting control reduced densities of juveniles + males in soil before establishing the orchard, and the resistant rootstock, the female densities in the roots. Selection for virulence within the field population did not occurr after 9-years of exposure of Forner-Alcaide 5 to the nematode. The durability of the resistance can be enhanced by combining rootstock resistance with pre-planting control methods in order to delay root parasitism, and therefore, diminish the selection pressure exerted on the resistant rootstock. Forner-Alcaide 5 exibited higher scion diameter and yield than Carrizo citrange.</subfield>
   </datafield>
   <datafield ind1="8" ind2=" " tag="024">
      <subfield code="a">Verdejo-Lucas, Soledad, Francisco Javier Sorribas, Magda Galeano, Joaquín Pastor, and Joan Pons. 2023. "Resistance Of The Citrus Rootstock Forner-Alcaide 5 To Tylenchulus Semipenetrans In Replant Situations". Crop Protection 167: 106199. doi:10.1016/j.cropro.2023.106199.</subfield>
   </datafield>
   <datafield ind1="8" ind2=" " tag="024">
      <subfield code="a">0261-2194</subfield>
   </datafield>
   <datafield ind1="8" ind2=" " tag="024">
      <subfield code="a">http://hdl.handle.net/20.500.12327/2205</subfield>
   </datafield>
   <datafield ind1="8" ind2=" " tag="024">
      <subfield code="a">https://doi.org/10.1016/j.cropro.2023.106199</subfield>
   </datafield>
   <datafield ind2="0" ind1="0" tag="245">
      <subfield code="a">Resistance of the citrus rootstock forner-alcaide 5 to Tylenchulus semipenetrans in replant situations</subfield>
   </datafield>
</record></metadata></record></GetRecord></OAI-PMH>